Le monete dell'Europa - Statistics

Statistiche generali
  • Questo quiz è stato fatto 67 volte
    62 dall'ultimo reset
  • Il punteggio medio è 31 su 45
Risposte nella Mappa
Le risposte nella mappa del quiz sottostante sono codificate secondo una scala di colori dal rosso al verde in base alla % di persone che hanno risposto correttamente.
 
Statistiche sulle risposte
Risposta % Corretto
Belgio Euro
98%
Austria Euro
96%
Città del Vaticano Euro
96%
Francia Euro
93%
Croazia Euro
91%
Germania Euro
91%
Grecia Euro
91%
Italia Euro
91%
Lettonia Euro
91%
Andorra Euro
89%
Estonia Euro
89%
Irlanda Euro
89%
Portogallo Euro
89%
Cipro Euro
87%
Finlandia Euro
87%
Lussemburgo Euro
87%
Malta Euro
87%
Monaco Euro
87%
Paesi Bassi Euro
87%
Lituania Euro
85%
San Marino Euro
83%
Slovenia Euro
83%
Spagna Euro
83%
Montenegro Euro
78%
Slovacchia Euro
78%
Svizzera Franco svizzero
76%
Danimarca Corona danese
74%
Kosovo Euro
70%
Svezia Corona svedese
63%
Norvegia Corona norvegese
61%
Repubblica Ceca Corona ceca
59%
Liechtenstein Franco svizzero
50%
Albania Lek
48%
Regno Unito Sterlina britannica
48%
Polonia Zloty
48%
Islanda Corona islandese
43%
Ungheria Fiorino
43%
Bulgaria Lev
35%
Bielorussia Rublo bielorusso
35%
Romania Leu rumeno
30%
Moldavia Leu moldavo
26%
Serbia Dinaro serbo
22%
Macedonia del Nord Dinaro macedone
15%
Bosnia ed Erzegovina Marco bosniaco
15%
Ucraina Grivnia
13%
Nessun quiz corrispondente trovato
Distribuzione punteggi
Percentuale di utenti per punteggio
Percentile per numero di risposta
I tuoi punteggi nel tempo
Non hai fatto questo quiz dall'ultimo reset